Psychológia efektívneho vedenia ľudí pri práci aktivizujúce metódy vzdelávania vedúcich pracovníkov

Guardado en:
Detalles Bibliográficos
Formato: Libro
Lenguaje:eslovaco
Publicado: Bratislava Dom techniky ČSVTS 1984
Etiquetas: Agregar Etiqueta
Sin Etiquetas, Sea el primero en etiquetar este registro!

MARC

LEADER 00000nam a2200000 4500
001 c117112
005 20221220090831.9
041 0 |a slo 
044 |a SK 
245 1 0 |a Psychológia efektívneho vedenia ľudí pri práci  |b aktivizujúce metódy vzdelávania vedúcich pracovníkov 
264 1 |a Bratislava  |b Dom techniky ČSVTS  |c 1984 
300 |a 111 s.